书目信息 |
| 题名: |
当关
|
|
| 作者: | 谢震宇 著 | |
| 分册: | ||
| 出版信息: | 郑州 中原农民出版社 2008 |
|
| 页数: | 304页 | |
| 开本: | 24cm | |
| 丛书名: | 国家经典人文地理 | |
| 单 册: | ||
| 中图分类: | K928.77 | |
| 科图分类: | ||
| 主题词: | 关隘--简介--中国 , 关隘 | |
| 电子资源: | ||
| ISBN: | 978-7-80739-246-0 | |
| 000 | 00863oam2 2200277 45 | |
| 001 | 1138488656 | |
| 005 | 20110419102203.39 | |
| 010 | @a978-7-80739-246-0@dCNY32.00 | |
| 100 | @a20110409e20112008em y0chiy0110 ea | |
| 101 | 0 | @achi |
| 102 | @aCN@b410000 | |
| 105 | @ay z 000yy | |
| 106 | @ar | |
| 200 | 1 | @a当关@ADang Guan@e中国要塞探秘@EZhong Guo Yao Sai Tan Mi@f谢震宇著@FXie Zhen Yu Zhu |
| 210 | @a郑州@c中原农民出版社@d2008@h2011 | |
| 215 | @a304页@c图@d24cm | |
| 225 | 2 | @a国家经典人文地理 |
| 330 | @a本书介绍了18座古代要塞的由来与变迁,更详细介绍了它们各自的故事。 | |
| 461 | 0 | @12001 @a国家经典人文地理 |
| 517 | 1 | @a中国要塞探秘@AZhong Guo Yao Sai Tan Mi |
| 606 | 0 | @a关隘@x简介@y中国 |
| 606 | 0 | @a关隘 |
| 690 | @aK928.77@v4 | |
| 701 | 0 | @a谢震宇@AXie Zhen Yu@4著 |
| 801 | 0 | @aCN@bTANGWEI@c20110419 |
| 905 | @b0536171-75@dK928.77@e540@f5 | |
| 当关:中国要塞探秘/谢震宇著.-郑州:中原农民出版社,2008(2011) |
| 304页:图;24cm.-(国家经典人文地理) |
| ISBN 978-7-80739-246-0:CNY32.00 |
| 本书介绍了18座古代要塞的由来与变迁,更详细介绍了它们各自的故事。 |
| ● |
| 相关链接 |
|
|
|
|
正题名:当关
索取号:K928.77/540
 
预约/预借
| 序号 | 登录号 | 条形码 | 馆藏地/架位号 | 状态 | 备注 |
| 1 | 0536171 | 205361712 | 第二样本阅览室/ [索取号:K928.77/540] | 在馆 | |
| 2 | 0536172 | 205361721 | 第二借阅区/ [索取号:K928.77/540] | 在馆 | |
| 3 | 0536173 | 205361730 | 第二借阅区/ [索取号:K928.77/540] | 在馆 | |
| 4 | 0536174 | 205361749 | 第二借阅区/ [索取号:K928.77/540] | 在馆 | |
| 5 | 0536175 | 205361758 | 第二借阅区/ [索取号:K928.77/540] | 在馆 |